Caminos / Por José Luis Escario y Núñez del Pino, Ventura Escario Ubarri y Enrique Balaguer Camphuis
ISBN:
84-237-0362-2
Descripción Física:
2 v. : gràf., il. ; 28 cm
MARC
| LEADER | 00000nam a2200000Ia 4500 | ||
|---|---|---|---|
| 001 | 19263, 19264 | ||
| 008 | 160829s1976 xx 000 0 cat d | ||
| 020 | |a 84-237-0362-2 | ||
| 080 | |a C-2-519, C-2-520 | ||
| 100 | |a Escario, José Luis |9 45663 | ||
| 245 | |a Caminos / Por José Luis Escario y Núñez del Pino, Ventura Escario Ubarri y Enrique Balaguer Camphuis | ||
| 250 | |a 5a ed., 1a reimp. | ||
| 260 | |a Madrid : |b Dossat, |c 1976 | ||
| 300 | |a 2 v. : |b gràf., il. ; |c 28 cm | ||
| 590 | |a Conté: v. 1: Estudio y construcción de la explanación; v. 2: Firmes, servcios, auxiliares del camino. Explotación | ||
| 650 | 0 | |a Camins |9 17324 | |
| 650 | |a Carreteres |x Traçat |9 45665 | ||
| 700 | |a Escario Ubarri, Ventura |9 45666 | ||
| 700 | |a Balaguer Camphuis, Enrique |9 45667 | ||
| 901 | |a Arxiu | ||
| 942 | |n 1 | ||
| 952 | |0 0 |1 0 |4 0 |6 C2519_C2520 |7 1 |9 52752 |a Arxiu |b Arxiu |d 2016-12-01 |l 0 |o C-2-519, C-2-520 |p 19263, 19264 |r 2016-12-01 00:00:00 |w 2016-12-01 |y ARXIU | ||
| 999 | |c 56601 |d 56601 | ||